| 000 | 02825nam a2200361 i 4500 | ||
|---|---|---|---|
| 001 | 768714001 | ||
| 003 | CO-MdFUSB | ||
| 005 | 20210429130332.0 | ||
| 007 | ta | ||
| 008 | 890706t19901990tnu 000 0 eng | ||
| 010 | _a89037493 | ||
| 020 | _a0687355478 | ||
| 040 |
_aDLC _beng _cCO-MdFUSB _dLML _dCO-MdFUSB _erda |
||
| 041 | _aeng | ||
| 082 |
_223 _a270.092 _bR287 |
||
| 245 | 0 | 0 |
_aReadings in Christian thought _c/ editado por Hugh T. Kerr. |
| 250 | _asegunda edición | ||
| 264 | 1 |
_aNashville : _bAbingdon Press, _c[1990] |
|
| 264 | 4 | _c©1990. | |
| 300 |
_a403 páginas ; _c25 cm. |
||
| 336 |
_atexto _btxt _2rdacontent. |
||
| 337 |
_asin mediación _bn _2rdamedia. |
||
| 338 |
_avolumen _bnc _2rdacarrier. |
||
| 505 | _aOrtodoxia y herejía en la iglesia primitiva. Justin mártir; Ireneo; Tertuliano; Origen; Agustín Juan de Damasco Los credos ecuménicos - Escolástica y misticismo en la Edad Media. Anselmo Abelard; Bernardo de Claraval; Peter Lombard; Francisco de Asís; Tomás de Aquino; Duns Scotus; William Ockham; Catalina de Siena; Jan van Ruysbroeck; Thomas à Kempis; Nicolás de Cusa - Reforma y post-Reforma. Martin Luther Philipp Melanchthon; John Calvin; Heinrich Bullinger; Thomas Cranmer; Richard Hooker; El Concilio de Trento; Menno Simons; La confesión de fe de Westminster; Robert Barclay; John Wesley; Jonathan Edwards - Ideas religiosas creativas en la era moderna. Immanuel Kant ; Friedrich Schleiermacher; David Friedrich Strauss; Albrecht Ritschl; Theodore Parker; Horace Bushnell; John Henry Newman; Dogmas católicos y definiciones; Adolf von Harnack; William James; Rudolf Otto; Peter Taylor Forsyth; Ernst Troeltsch; Walter Rauschenbusch - La búsqueda contemporánea. Søren Kierkegaard (1813-1855); Albert Schweitzer; Karl Barth; Emil Brunner; Reinhold Niebuhr; Rudolf Bultmann; Paul Tillich; Dietrich Bonhoeffer; El Consejo Mundial de Iglesias; Papa Juan XXIII | ||
| 520 | _aEste volumen proporciona una fuente de tesorería para la historia y el desarrollo de la teología cristiana. Tiene a la vista al estudiante, el maestro de religión en la universidad o escuela de divinidad, el capellán en los servicios o instituciones armadas, el clérigo y el predicador, el grupo de estudio de la iglesia para adultos y el laico autodidacta. En las siguientes selecciones, se presentan muchas controversias teológicas a lo largo de la marcha de la historia. La unidad que los une es la persuasión de que la fe cristiana exige no solo devoción y obediencia sino también un pensamiento sólido y un cuestionamiento honesto | ||
| 563 | _aRústico | ||
| 650 | 0 |
_aHistoria de la Iglesia _92480 _xBiografías. |
|
| 700 | 1 |
_aKerr, Hugh T. _q(Hugh Thomson), _d1909-1992. _eeditor |
|
| 942 | _cBK | ||
| 945 | _aJTF-925 | ||
| 999 |
_c66455 _d66455 |
||